|
|
|
|
| LEADER |
01085naa a2200217 i 4500 |
| 001 |
acta77005 |
| 005 |
20221110132608.0 |
| 008 |
221110s2021 hu o 1|| hun d |
| 020 |
|
|
|a 978-963-306-829-8
|
| 040 |
|
|
|a SZTE Egyetemi Kiadványok Repozitórium
|b hun
|
| 041 |
|
|
|a hun
|
| 100 |
1 |
|
|a Blanár Ilona
|
| 245 |
1 |
0 |
|a Teammunka a hazai sürgősségi ellátásban = Teamwork in Hungarian emergency care
|h [elektronikus dokumentum] :
|b [absztrakt] /
|c Blanár Ilona
|
| 260 |
|
|
|a Szegedi Tudományegyetem Egészségtudományi és Szociális Képzési Kar
|b Szeged
|c 2021
|
| 300 |
|
|
|a 31
|
| 490 |
0 |
|
|a Főiskolát és Egyetemet Végzett Ápolók Országos Kongresszusa
|v 14
|
| 650 |
|
4 |
|a Orvos- és egészségtudomány
|
| 650 |
|
4 |
|a Klinikai orvostan
|
| 695 |
|
|
|a Betegápolás - előadáskivonat, Orvosi ellátás - sürgősségi - előadáskivonat, Betegbiztonság - előadáskivonat
|
| 711 |
|
|
|a Főiskolát és Egyetemet Végzett Ápolók Országos Kongresszusa (14.)
|c Szeged
|d 2021
|
| 856 |
4 |
0 |
|u http://acta.bibl.u-szeged.hu/77005/1/apolok_orszagos_kongresszusa_014_031.pdf
|z Dokumentum-elérés
|